Sports Quiz

Random Sports or World Quiz

Teams at the 1938 World Cup Quiz Stats

 Plays Quiz not verified by Sporcle

Challenge
Share
Tweet
Embed
Score 0/16 Timer 05:00
0 Plays Today
% Correct
Brazil
99.3%
Italy
96.9%
Germany
95.2%
France
93.5%
Hungary
88.4%
Sweden
88.1%
Austria
85%
Belgium
83.3%
% Correct
Switzerland
82.7%
Netherlands
81.6%
Czechoslovakia
80.3%
Poland
78.2%
Romania
76.2%
Norway
75.5%
Dutch East Indies
56.8%
Cuba
55.4%

You're not logged in!

Compare scores with friends on all Sporcle quizzes.
Join for Free
OR
Log In

You Might Also Like...

Show Comments

Extras

Created Dec 8, 2009ReportNominate
Tags:World Quiz, 1938, cup, team

Top Quizzes Today


Score Distribution

Your Account Isn't Verified!

In order to create a playlist on Sporcle, you need to verify the email address you used during registration. Go to your Sporcle Settings to finish the process.

Report this User

Report this user for behavior that violates our Community Guidelines.

Details: